[Event "European Youth Chess Championship B8"]
[Site "Prague, Top Hotel Prague"]
[Date "2016.08.20"]
[Round "3.2"]
[White "Kuhn, Clement"]
[Black "Kolesov, Gordey"]
[Result "1/2-1/2"]
[WhiteElo "1393"]
[BlackElo "1627"]
[PlyCount "78"]
[EventDate "2016.08.18"]

1. d4 Nf6 2. Nf3 d5 3. Bf4 Bf5 4. e3 e6 5. c4 Bxb1 6. Qa4+ Nc6 7. Rxb1 Bb4+ 8.
Ke2 dxc4 9. Ne5 Nd5 10. Nxc6 Qd7 11. Bxc7 bxc6 12. g3 Be7 13. Ba5 Rb8 14. Qxc4
O-O 15. Bg2 Rb5 16. Bc3 Rc8 17. Rhc1 c5 18. Qd3 Bf6 19. Bxd5 exd5 20. dxc5 Bxc3
21. Rxc3 Rbxc5 22. Rxc5 Rxc5 23. e4 Qe7 24. f3 dxe4 25. fxe4 Re5 26. Kf3 Qf6+
27. Ke2 g6 28. b4 Qe6 29. Kf3 Qxa2 30. Qd8+ Kg7 31. Qd4 Qe6 32. Ra1 Qf6+ 33.
Ke3 Qg5+ 34. Kd3 Qh5 35. Kc4 Qe2+ 36. Kb3 Qxe4 37. Qxe4 Rxe4 38. Rxa7 Re2 39.
Ra2 Re6 1/2-1/2

[Event "European Youth Chess Championship B8"]
[Site "Prague, Top Hotel Prague"]
[Date "2016.08.20"]
[Round "3.3"]
[White "Suleymanov, Ali"]
[Black "Pingin, Artem"]
[Result "0-1"]
[WhiteElo "1378"]
[BlackElo "1560"]
[PlyCount "76"]
[EventDate "2016.08.18"]

1. d4 d5 2. c4 e6 3. Nc3 Nf6 4. Nf3 c6 5. Bg5 Nbd7 6. e3 Qa5 7. Bxf6 Nxf6 8.
Nd2 Bd6 9. c5 Bb8 10. g3 e5 11. Nb3 Qd8 12. Bg2 e4 13. O-O O-O 14. Qc2 Re8 15.
Nd2 Qe7 16. b4 Bg4 17. a4 Bc7 18. b5 Rab8 19. Rfb1 Ba5 20. Nb3 Bxc3 21. Qxc3
Qe6 22. h4 Bf3 23. Nd2 Bg4 24. a5 h6 25. Bf1 Rec8 26. Rb2 g5 27. a6 b6 28. bxc6
Rxc6 29. Bb5 Rc7 30. Qa3 gxh4 31. cxb6 Rxb6 32. gxh4 Bh3 33. Kh1 Ng4 34. Nf1
Qf6 35. Nh2 Qxh4 36. Rg1 Bg2+ 37. Rxg2 Rc1+ 38. Rg1 Qxh2# 0-1

[Event "European Youth Chess Championship B8"]
[Site "Prague, Top Hotel Prague"]
[Date "2016.08.20"]
[Round "3.4"]
[White "Habans, Aguerrea Javier"]
[Black "Tetyuev, Stepan"]
[Result "1-0"]
[WhiteElo "1544"]
[BlackElo "1350"]
[PlyCount "33"]
[EventDate "2016.08.18"]

1. d4 Nf6 2. Bg5 Ne4 3. Bf4 c5 4. f3 Nf6 5. dxc5 Qa5+ 6. Qd2 Qxc5 7. Nc3 Nc6 8.
e4 a6 9. Na4 Qa7 10. Be3 Qb8 11. Nb6 Ra7 12. Nxc8 Qxc8 13. Bxa7 Nxa7 14. Bd3 e5
15. Ne2 Bc5 16. Qg5 Qc6 17. Qxe5+ 1-0

[Event "European Youth Chess Championship B8"]
[Site "Prague, Top Hotel Prague"]
[Date "2016.08.20"]
[Round "3.5"]
[White "Mogirzan, Matei-Valeriu"]
[Black "Vafin, Tagir"]
[Result "1-0"]
[WhiteElo "1475"]
[BlackElo "1346"]
[PlyCount "107"]
[EventDate "2016.08.18"]

1. e4 e6 2. d4 d5 3. Nc3 Bb4 4. e5 c5 5. a3 Bxc3+ 6. bxc3 Ne7 7. Bd3 c4 8. Be2
O-O 9. h4 Nd7 10. h5 f6 11. f4 f5 12. Qd2 Qa5 13. Qe3 Nc6 14. Bd2 Qb6 15. Qg3
Qb2 16. Rd1 Qxa3 17. h6 g6 18. Nf3 Qe7 19. Nh4 Qf7 20. Bh5 Ne7 21. Bc1 Kh8 22.
Be2 Rg8 23. Nf3 Nb6 24. Ba3 Re8 25. Qg5 Ng8 26. Qh4 Na4 27. Ng5 Qd7 28. Kd2 b5
29. Rb1 a6 30. g4 fxg4 31. Bxg4 Qb7 32. Bd6 Ra7 33. f5 exf5 34. e6 Bxe6 35.
Be5+ Nf6 36. Bxf6+ Kg8 37. Nxe6 Rxe6 38. Be5 Qd7 39. Bf3 Ra8 40. Qg3 Kf7 41.
Qf4 Kg8 42. Rbg1 Rf8 43. Bh5 Qf7 44. Qh2 Nb6 45. Bxg6 Qxg6 46. Rxg6+ Rxg6 47.
Rg1 Kf7 48. Rxg6 Kxg6 49. Qg3+ Kf7 50. Qg7+ Ke8 51. Bd6 Rf7 52. Qg8+ Kd7 53.
Qxf7+ Kxd6 54. Qxh7 1-0

[Event "European Youth Chess Championship B8"]
[Site "Prague, Top Hotel Prague"]
[Date "2016.08.20"]
[Round "3.6"]
[White "Borowik, Wojciech"]
[Black "Pashikyan, Rudolf"]
[Result "0-1"]
[WhiteElo "1347"]
[BlackElo "1465"]
[PlyCount "123"]
[EventDate "2016.08.18"]

1. d4 d5 2. c4 e6 3. Nc3 c6 4. Nf3 dxc4 5. Bg5 Ne7 6. e3 b5 7. a3 Bb7 8. Be2
Qa5 9. Bxe7 Bxe7 10. O-O O-O 11. Qc2 Nd7 12. Rfd1 Nf6 13. Ne4 Nxe4 14. Qxe4 Qc7
15. Qc2 c5 16. dxc5 Qxc5 17. Rac1 Rac8 18. Rd4 a6 19. Rg4 Bf6 20. b3 Qxa3 21.
bxc4 b4 22. Ng5 Bxg5 23. Rxg5 b3 24. Qc3 f6 25. Ra1 Qd6 26. Rg4 Rb8 27. Rb1
Rfd8 28. Rd4 Qc6 29. Bf3 Qc7 30. Rxd8+ Rxd8 31. Qxb3 Bxf3 32. gxf3 Qc6 33. Qb6
Rc8 34. c5 Kf7 35. Qxc6 Rxc6 36. Rc1 Kg6 37. Kf1 Kf5 38. Ke2 Ke5 39. Kd3 g5 40.
Kc4 f5 41. Rb1 h5 42. Rb2 h4 43. Rb3 f4 44. h3 Rc8 45. Rb6 Ra8 46. e4 a5 47.
Kb5 a4 48. c6 a3 49. c7 a2 50. Rb8 a1=Q 51. c8=Q Qb1+ 52. Kc6 Qxb8 53. Qd7 Ra6+
54. Kc5 Qd6+ 55. Qxd6+ Rxd6 56. Kc4 Rd2 57. Kc5 Rxf2 58. Kc4 Rxf3 59. Kc5 Rc3+
60. Kb4 Kd4 61. e5 f3 62. Ka4 0-1

[Event "European Youth Chess Championship B8"]
[Site "Prague, Top Hotel Prague"]
[Date "2016.08.20"]
[Round "3.7"]
[White "Gungor, Cihan Akif"]
[Black "Fizer, Marek"]
[Result "0-1"]
[WhiteElo "1451"]
[BlackElo "1297"]
[PlyCount "90"]
[EventDate "2016.08.18"]

1. e4 c5 2. Nf3 Nc6 3. d4 cxd4 4. Nxd4 Nf6 5. Nc3 e5 6. Ndb5 d6 7. Be2 a6 8.
Na3 b5 9. Nab1 Be6 10. Bg5 Be7 11. Nd2 O-O 12. O-O d5 13. exd5 Nxd5 14. Nxd5
Bxd5 15. Bxe7 Qxe7 16. Nf3 Rfd8 17. Qc1 Rac8 18. a3 e4 19. Ne1 Nd4 20. Qd2 Be6
21. Qe3 Qb7 22. c3 Nxe2+ 23. Qxe2 Bc4 24. Qg4 Bxf1 25. Kxf1 Rd2 26. g3 Rcd8 27.
Ng2 e3 28. f3 e2+ 29. Kf2 Qb6+ 30. Qd4 R8xd4 31. cxd4 Qxd4+ 32. Ke1 Rd1+ 33.
Kxe2 Rxa1 34. f4 Rd1 35. Kf3 Rf1+ 36. Kg4 Qd7+ 37. f5 Qxf5+ 38. Kh4 g5+ 39. Kh5
Qh3+ 40. Nh4 gxh4 41. g4 f5 42. g5 Qg4+ 43. Kh6 Re1 44. a4 Re6+ 45. g6 Rxg6#
0-1

[Event "European Youth Chess Championship B8"]
[Site "Prague, Top Hotel Prague"]
[Date "2016.08.20"]
[Round "3.8"]
[White "Razhbadinov, Rasul"]
[Black "Bialiauski, Artsiom"]
[Result "0-1"]
[WhiteElo "1263"]
[BlackElo "1436"]
[PlyCount "79"]
[EventDate "2016.08.18"]

1. e4 e5 2. Nf3 Nc6 3. Bc4 Bc5 4. c3 Nf6 5. d3 h6 6. Bb3 d5 7. Qe2 dxe4 8. dxe4
O-O 9. h3 Qe7 10. Nbd2 Be6 11. Bc2 a5 12. O-O Rad8 13. Rd1 Rfe8 14. Nf1 Rxd1
15. Qxd1 Qd6 16. Be3 Qe7 17. Qe2 Rd8 18. Qb5 Bxe3 19. Nxe3 Bd7 20. Qxb7 Rb8 21.
Qxc7 Ne8 22. Nd5 Qe6 23. Nf4 Nxc7 24. Nxe6 Nxe6 25. b3 Nf4 26. Rd1 Rb7 27. Rd2
f6 28. Ne1 Kf7 29. Nd3 Nxd3 30. Bxd3 Be6 31. Kf1 Rd7 32. Ke2 Ke7 33. Bb5 Rxd2+
34. Kxd2 Na7 35. Ba6 a4 36. c4 axb3 37. axb3 Kd6 38. Kc3 Kc6 39. b4 Kb6 40. b5
{n. r.} 0-1

[Event "European Youth Chess Championship B8"]
[Site "Prague, Top Hotel Prague"]
[Date "2016.08.20"]
[Round "3.9"]
[White "Nguyen, Thai Dang Vi"]
[Black "Sepiashvili, Ivan"]
[Result "0-1"]
[WhiteElo "1255"]
[BlackElo "1401"]
[PlyCount "76"]
[EventDate "2016.08.18"]

1. d4 d5 2. c4 e6 3. Nc3 Nf6 4. Nf3 Be7 5. Bf4 O-O 6. e3 a6 7. cxd5 exd5 8. Bd3
b5 9. O-O Bb7 10. Rc1 Nbd7 11. Re1 Rc8 12. Qc2 c5 13. Qd2 c4 14. Bc2 b4 15. Ne2
Nb6 16. Bf5 Ra8 17. b3 c3 18. Qc2 Re8 19. a3 a5 20. axb4 axb4 21. Ra1 g6 22.
Rxa8 Qxa8 23. Bg4 Nxg4 24. h3 Nf6 25. Nc1 Ne4 26. Nd3 Qa3 27. Nh2 Nd2 28. Nf3
Qxb3 29. Qxb3 Nxb3 30. Nfe5 f6 31. Ng4 Nd2 32. Nxb4 f5 33. Nh6+ Kg7 34. Nd3 Rc8
35. g4 Nf3+ 36. Kf1 Nxe1 37. Kxe1 c2 38. Kd2 Bb4+ 0-1

[Event "European Youth Chess Championship B8"]
[Site "Prague, Top Hotel Prague"]
[Date "2016.08.20"]
[Round "3.10"]
[White "Abasov, Yusif"]
[Black "Hartofylakas, Spyros"]
[Result "1/2-1/2"]
[WhiteElo "1398"]
[BlackElo "1254"]
[PlyCount "99"]
[EventDate "2016.08.18"]

1. e4 e5 2. Nf3 Nc6 3. d4 exd4 4. Bc4 Bc5 5. c3 dxc3 6. bxc3 d6 7. Qb3 Qe7 8.
O-O Nf6 9. Bg5 h6 10. Bxf6 Qxf6 11. Bd5 Bb6 12. Nbd2 Na5 13. Qc2 c6 14. Bb3
Nxb3 15. axb3 Be6 16. Qd3 Qe7 17. Nc4 Bxc4 18. Qxc4 O-O 19. Rfe1 Rfe8 20. Rad1
Rad8 21. Qd3 Qd7 22. Re2 Re7 23. Qc2 Rde8 24. c4 Bc5 25. e5 Qc7 26. exd6 Bxd6
27. Red2 Bb4 28. Rd3 Bc5 29. Rf1 Qb6 30. Rd2 Bb4 31. Rd3 Re2 32. Qd1 Bc5 33.
Nd4 R2e4 34. Nf3 Qb4 35. Rd8 Bb6 36. Rxe8+ Rxe8 37. Qd7 Qe7 38. Qd1 Rd8 39. Qc2
Qb4 40. Ne5 Bc7 41. Nf3 Qd6 42. Re1 Ba5 43. Rf1 Qd3 44. Qa2 Bb6 45. Ne5 Qc3 46.
Nf3 Rd3 47. Qe2 Qxb3 48. Qe8+ Kh7 49. Qxf7 Rd6 50. Qf5+ 1/2-1/2

[Event "European Youth Chess Championship B8"]
[Site "Prague, Top Hotel Prague"]
[Date "2016.08.20"]
[Round "3.12"]
[White "Medovoy, Yaniv"]
[Black "Wielgus, Wojciech"]
[Result "0-1"]
[WhiteElo "1441"]
[BlackElo "1151"]
[PlyCount "36"]
[EventDate "2016.08.18"]

1. e4 e5 2. d4 exd4 3. c3 d5 4. exd5 Nf6 5. c4 c6 6. Qxd4 cxd5 7. cxd5 Qxd5 8.
Qxd5 Nxd5 9. Bd2 Bf5 10. Bc4 Nb4 11. Na3 Nd3+ 12. Bxd3 Bxd3 13. Nb1 Bc5 14. Nc3
O-O 15. O-O-O Re8 16. Be1 Bf5 17. h3 Bb6 18. g4 Bd7 {n. r.} 0-1

[Event "European Youth Chess Championship B8"]
[Site "Prague, Top Hotel Prague"]
[Date "2016.08.20"]
[Round "3.13"]
[White "Pershin, Patrik"]
[Black "Wierzbicki, Dawid"]
[Result "0-1"]
[WhiteElo "1252"]
[BlackElo "1391"]
[PlyCount "31"]
[EventDate "2016.08.18"]

1. d4 e6 2. c4 b6 3. a3 Bb7 4. Nc3 f5 5. Qc2 Nf6 6. e3 Be7 7. f3 O-O 8. Bd3 Nc6
9. Nge2 Qe8 10. Bd2 Rd8 11. d5 exd5 12. cxd5 Ne5 13. Bxf5 Nxd5 14. Bxh7+ Kh8
15. Be4 c6 16. Nd4 {n.r.} 0-1

[Event "European Youth Chess Championship B8"]
[Site "Prague, Top Hotel Prague"]
[Date "2016.08.20"]
[Round "3.14"]
[White "Shelukhin, Ilya"]
[Black "Verma, Shlok"]
[Result "0-1"]
[WhiteElo "1284"]
[BlackElo "1199"]
[PlyCount "86"]
[EventDate "2016.08.18"]

1. e4 e6 2. d4 d5 3. Nc3 Nf6 4. e5 Nfd7 5. f4 c5 6. Nf3 Nc6 7. Be3 Qb6 8. Na4
Qa5+ 9. c3 cxd4 10. b4 Nxb4 11. cxb4 Bxb4+ 12. Bd2 Bxd2+ 13. Nxd2 b6 14. Bd3
Nc5 15. Nxc5 bxc5 16. O-O O-O 17. Bxh7+ Kxh7 18. Qh5+ Kg8 19. Nf3 g6 20. Qh6
Qc7 21. Ng5 f6 22. exf6 Rxf6 23. Rf3 Qg7 24. Qh4 Qh8 25. Nh7 Rf7 26. Qd8+ Kg7
27. Qxh8+ Kxh8 28. Ng5 Rf5 29. g4 Rf6 30. Rh3+ Kg8 31. Rf1 Ba6 32. Rf2 Bc4 33.
Rh7 Bb5 34. Rf3 Re8 35. Rfh3 Kf8 36. Rh8+ Ke7 37. R3h7+ Kd6 38. Rxe8 Bxe8 39.
Rxa7 Rxf4 40. h3 d3 41. Ra3 d2 42. Rd3 Rd4 43. Rxd4 cxd4 0-1

[Event "European Youth Chess Championship B8"]
[Site "Prague, Top Hotel Prague"]
[Date "2016.08.20"]
[Round "3.16"]
[White "Costa, Leonardo"]
[Black "Lukshin, Dmitri"]
[Result "1-0"]
[WhiteElo "1600"]
[BlackElo "1119"]
[PlyCount "129"]
[EventDate "2016.08.18"]

1. e4 e5 2. Nf3 Nc6 3. Bc4 Bc5 4. c3 Nf6 5. d3 O-O 6. Nbd2 d6 7. Bb3 Re8 8. O-O
d5 9. exd5 Nxd5 10. Ne4 Bb6 11. Re1 h6 12. Ng3 Nf6 13. h3 Be6 14. Nh2 Bxb3 15.
axb3 Qd7 16. Qf3 Rad8 17. Bxh6 Qxd3 18. Bg5 Qxf3 19. Nxf3 Rd6 20. Nf5 Rde6 21.
Rad1 Nh7 22. Be3 Bxe3 23. Nxe3 Rd8 24. Rxd8+ Nxd8 25. Rd1 Nc6 26. Rd7 Re7 27.
Rxe7 Nxe7 28. Nxe5 Nf6 29. Kf1 Ne4 30. Ke2 f6 31. Nd3 Kf7 32. h4 Ke6 33. f3 Nd6
34. Nc5+ Kf7 35. Kd3 b6 36. Ne4 Nb5 37. c4 Nd6 38. Nxd6+ cxd6 39. g4 a6 40. Nd5
Nc6 41. h5 Ne5+ 42. Ke4 b5 43. Ne3 Ke6 44. f4 Nf7 45. Nf5 Kd7 46. Nxg7 Nh6 47.
g5 fxg5 48. fxg5 Nf7 49. g6 Nh6 50. Kf4 Ke7 51. Nf5+ Nxf5 52. Kxf5 bxc4 53.
bxc4 Kd7 54. g7 Kc6 55. g8=Q Kc5 56. Qd5+ Kb6 57. Ke6 a5 58. Qb5+ Kc7 59. c5
dxc5 60. Qa6 c4 61. Kd5 a4 62. Qc6+ Kd8 63. Qb7 c3 64. Ke6 c2 65. Qd7# 1-0

[Event "European Youth Chess Championship B8"]
[Site "Prague, Top Hotel Prague"]
[Date "2016.08.20"]
[Round "3.18"]
[White "Viliusis, Neimantas"]
[Black "Cohen, Elad"]
[Result "0-1"]
[WhiteElo "1100"]
[BlackElo "1456"]
[PlyCount "60"]
[EventDate "2016.08.18"]

1. d4 Nf6 2. e3 e6 3. Nf3 b6 4. b3 Bb7 5. Nbd2 Bb4 6. a3 Bc3 7. Ra2 O-O 8. Bb2
Ne4 9. Bd3 Bxd2+ 10. Nxd2 Nxd2 11. Qxd2 Qg5 12. Rg1 d5 13. c4 c6 14. Qc2 f5 15.
Be2 Nd7 16. cxd5 exd5 17. Bf3 f4 18. Bc1 Rfe8 19. Qe2 Re7 20. Rc2 Rae8 21. Rc3
Nb8 22. a4 Ba6 23. Qb2 fxe3 24. fxe3 Rf8 25. Qf2 Qf6 26. Kd2 Qd6 27. h3 Ref7
28. Re1 Qe6 29. e4 dxe4 30. Rxe4 Qxe4 0-1

[Event "European Youth Chess Championship B8"]
[Site "Prague, Top Hotel Prague"]
[Date "2016.08.21"]
[Round "4.1"]
[White "Pingin, Artem"]
[Black "Sepiashvili, Ivan"]
[Result "1-0"]
[WhiteElo "1560"]
[BlackElo "1401"]
[PlyCount "123"]
[EventDate "2016.08.18"]

1. c4 e6 2. b3 d5 3. e3 Nf6 4. Bb2 Be7 5. Nf3 Nbd7 6. Be2 b6 7. cxd5 exd5 8.
Nd4 Nb8 9. Nc3 c5 10. Bb5+ Bd7 11. Nf5 O-O 12. Nxe7+ Qxe7 13. Be2 Re8 14. O-O
Nc6 15. Bf3 Be6 16. d4 Rad8 17. Re1 Qc7 18. Rc1 cxd4 19. Nb5 Qb7 20. Nxd4 Ne5
21. Be2 Ng6 22. Nb5 Re7 23. Qd4 a6 24. Nc3 b5 25. b4 Rc7 26. a4 bxa4 27. Nxa4
Rxc1 28. Rxc1 Rb8 29. Bc3 Ne7 30. Nc5 Nc6 31. Qxf6 gxf6 32. Nxb7 Rxb7 33. Bxa6
Rb6 34. b5 Nb8 35. Ba5 Rd6 36. Bc7 Rxa6 37. bxa6 Nxa6 38. Bd6 Nb8 39. Bxb8 Kg7
40. h3 h5 41. f4 Kg6 42. Kf2 Kf5 43. Kf3 Kg6 44. g4 hxg4+ 45. hxg4 f5 46. g5 f6
47. gxf6 Kxf6 48. Be5+ Kf7 49. Rc6 Ke7 50. Ke2 Bd7 51. Rc7 Ke8 52. Kd3 Bb5+ 53.
Kd4 Bc4 54. Kc5 Bb3 55. Kd6 Kf8 56. Bd4 Bd1 57. Ke6 Kg8 58. Kf6 Bh5 59. Rg7+
Kh8 60. Kg5 Bg4 61. Kh6 Bf3 62. Rg4# 1-0

[Event "European Youth Chess Championship B8"]
[Site "Prague, Top Hotel Prague"]
[Date "2016.08.21"]
[Round "4.2"]
[White "Thatte, Nishchal"]
[Black "Habans, Aguerrea Javier"]
[Result "1-0"]
[WhiteElo "1397"]
[BlackElo "1544"]
[PlyCount "97"]
[EventDate "2016.08.18"]

1. e4 c5 2. c3 g6 3. d4 cxd4 4. cxd4 d5 5. e5 Bg7 6. Nf3 Nc6 7. h3 f6 8. Bf4
Be6 9. Nc3 Qb6 10. exf6 Nxf6 11. Nb5 Rc8 12. Qe2 Nd8 13. Ng5 Kd7 14. a4 a6 15.
Nc3 h6 16. Nf3 g5 17. Bh2 Nc6 18. Rd1 Bf7 19. Ne5+ Ke8 20. Nxc6 Rxc6 21. Qd2
Re6+ 22. Be2 Ne4 23. Nxd5 Nxd2 24. Nxb6 Nf3+ 25. gxf3 Rxb6 26. Rd2 Rb4 27. Bd1
Rxd4 28. b3 Rxd2 29. Kxd2 Bd4 30. Bg3 Bd5 31. h4 g4 32. Kd3 Bc5 33. Re1 Bxf3
34. Bxf3 gxf3 35. Rc1 b6 36. b4 Kd7 37. bxc5 Rc8 38. cxb6 Rxc1 39. b7 Rb1 40.
b8=Q Rxb8 41. Bxb8 Ke6 42. Ke4 Kf6 43. Kd5 Kf5 44. Bg3 h5 45. Kc6 e5 46. Kd5 e4
47. Kd4 a5 48. Ke3 Kg4 49. Kxe4 1-0

[Event "European Youth Chess Championship B8"]
[Site "Prague, Top Hotel Prague"]
[Date "2016.08.21"]
[Round "4.3"]
[White "Milanovic, Marko"]
[Black "Mogirzan, Matei-Valeriu"]
[Result "0-1"]
[WhiteElo "1372"]
[BlackElo "1475"]
[PlyCount "52"]
[EventDate "2016.08.18"]

1. e4 c5 2. Nf3 e6 3. d4 cxd4 4. Nxd4 a6 5. Nc3 Qc7 6. Bd3 Nf6 7. O-O d6 8. Kh1
Nbd7 9. Be3 g6 10. f4 Bg7 11. h3 O-O 12. a4 b6 13. Qf3 Bb7 14. Rae1 Rac8 15.
Qg3 Rfe8 16. f5 Ne5 17. Qh4 exf5 18. exf5 Nh5 19. f6 Bf8 20. Kg1 Nd7 21. g4
Nhxf6 22. Rxf6 Nxf6 23. Qxf6 Bg7 24. Qf2 Re7 25. Nde2 Qc6 26. Kh2 Rxe3 0-1

[Event "European Youth Chess Championship B8"]
[Site "Prague, Top Hotel Prague"]
[Date "2016.08.21"]
[Round "4.4"]
[White "Pashikyan, Rudolf"]
[Black "Fizer, Marek"]
[Result "1-0"]
[WhiteElo "1465"]
[BlackElo "1297"]
[PlyCount "109"]
[EventDate "2016.08.18"]

1. e4 c5 2. Nf3 Nc6 3. Bb5 a6 4. Bxc6 bxc6 5. d3 d5 6. e5 e6 7. O-O Ne7 8. c4
g6 9. b3 Bg7 10. Ba3 f6 11. Re1 fxe5 12. Nxe5 Qc7 13. Qe2 O-O 14. Bxc5 Rf5 15.
d4 Bd7 16. Bxe7 c5 17. Nxd7 Qxd7 18. Bxc5 Rc8 19. Nd2 e5 20. Nf3 dxc4 21. Qxc4+
Kh8 22. Qxa6 exd4 23. Bxd4 Bxd4 24. Nxd4 Rf7 25. Qe6 Qxe6 26. Rxe6 Rd8 27. Nf3
Rfd7 28. Rae1 Kg8 29. Re8+ Rxe8 30. Rxe8+ Kg7 31. Re1 Ra7 32. Re2 Rc7 33. h3
Kf6 34. a4 h5 35. a5 Ra7 36. b4 Kf7 37. Ra2 Ke7 38. b5 Kd6 39. b6 Ra6 40. Nd4
g5 41. g4 h4 42. Kg2 Kd7 43. Kf3 Kd6 44. Ke4 Kd7 45. Kd5 Kc8 46. Kc6 Kb8 47.
Kd7 Kb7 48. Nb5 Kb8 49. Nd6 Ka8 50. Kc7 Ra7+ 51. bxa7 Kxa7 52. a6 Ka8 53. Kb6
Kb8 54. Rc2 Ka8 55. Rc8# 1-0

[Event "European Youth Chess Championship B8"]
[Site "Prague, Top Hotel Prague"]
[Date "2016.08.21"]
[Round "4.5"]
[White "Bialiauski, Artsiom"]
[Black "Wielgus, Wojciech"]
[Result "0-1"]
[WhiteElo "1436"]
[BlackElo "1151"]
[PlyCount "94"]
[EventDate "2016.08.18"]

1. e4 e5 2. Nf3 Nc6 3. Bb5 a6 4. Ba4 Nf6 5. O-O b5 6. Bb3 Bc5 7. Re1 O-O 8. c3
d6 9. h3 Bb7 10. d3 h6 11. Be3 Bxe3 12. Rxe3 Qd7 13. Nbd2 Rad8 14. Nh4 d5 15.
f3 d4 16. cxd4 Qxd4 17. Nf5 Qd7 18. Bc2 Nd4 19. Ng3 Rfe8 20. Nb3 Ne6 21. Rc1 c5
22. Nf5 Nh5 23. Bb1 c4 24. Na5 Ba8 25. Bc2 Qa7 26. Qe1 cxd3 27. Qh4 dxc2 28.
Rxc2 Nf6 29. Rce2 Qc7 30. Nb3 Nf4 31. Re1 Qc2 32. Qg3 Ng6 33. R3e2 Qc7 34. h4
Qb6+ 35. Kh1 Nh5 36. Qg4 Nf6 37. Qg3 h5 38. Qg5 Bc6 39. g4 Bd7 40. Rg1 hxg4 41.
h5 gxf3 42. Re3 f2 43. Rf1 Nh7 44. Qg3 Bxf5 45. exf5 Qc6+ 46. Kh2 Nf4 47. Qg4
Qh6 0-1

[Event "European Youth Chess Championship B8"]
[Site "Prague, Top Hotel Prague"]
[Date "2016.08.21"]
[Round "4.6"]
[White "Kolesov, Gordey"]
[Black "Wierzbicki, Dawid"]
[Result "0-1"]
[WhiteElo "1627"]
[BlackElo "1391"]
[PlyCount "172"]
[EventDate "2016.08.18"]

1. e4 d6 2. d4 Nf6 3. Nd2 c6 4. Ngf3 Bg4 5. Bd3 e6 6. h3 Bh5 7. O-O d5 8. exd5
cxd5 9. Re1 Bb4 10. c3 Bd6 11. Nf1 O-O 12. Bg5 Be7 13. Ng3 Bxf3 14. Qxf3 h6 15.
Be3 Bd6 16. Nh5 Nbd7 17. Nxf6+ Qxf6 18. Qxf6 Nxf6 19. a4 Nd7 20. a5 a6 21. g3
Rac8 22. Bc2 Nf6 23. Kg2 Rfe8 24. Bf4 Bxf4 25. gxf4 g6 26. Ra4 Kg7 27. Rea1 Ne4
28. Bxe4 dxe4 29. Rb4 Rc7 30. Rd1 Rd8 31. Ra1 Rd5 32. Ra3 Rdd7 33. Rb6 Kf6 34.
Kg3 Kf5 35. Ra1 Rd5 36. Ra4 g5 37. fxg5 Kxg5 38. Rab4 Rdd7 39. Ra4 h5 40. h4+
Kf5 41. Rb3 e5 42. dxe5 Kxe5 43. Rbb4 f5 44. Rd4 Rg7+ 45. Kh3 Kf4 46. Rd1 Kf3
47. Rf1 Ke2 48. Raa1 Rcd7 49. Rae1+ Kf3 50. Re3+ Kf4 51. Rg3 Rxg3+ 52. fxg3+
Ke5 53. Re1 Rd2 54. b4 Rd3 55. c4 f4 56. b5 Rxg3+ 57. Kh2 axb5 58. cxb5 Rb3 59.
a6 bxa6 60. bxa6 Ra3 61. Kg2 Rxa6 62. Kh2 Ra2+ 63. Kh3 e3 64. Re2 Ra1 65. Ra2
Rh1+ 66. Kg2 Rxh4 67. Ra5+ Ke4 68. Ra4+ Kf5 69. Ra5+ Kg4 70. Ra4 e2 71. Kf2
Rh2+ 72. Ke1 Kg3 73. Ra3+ f3 74. Re3 Rh1+ 75. Kd2 Rd1+ 76. Kc2 e1=Q 77. Rxe1
Rxe1 78. Kd2 f2 79. Kc2 f1=Q 80. Kd2 Qe2+ 81. Kc3 Rc1+ 82. Kd4 Rc4+ 83. Kd5
Qe4+ 84. Kd6 Rc6+ 85. Kd7 Qe6+ 86. Kd8 Rc8# 0-1

[Event "European Youth Chess Championship B8"]
[Site "Prague, Top Hotel Prague"]
[Date "2016.08.21"]
[Round "4.7"]
[White "Verma, Shlok"]
[Black "Abasov, Yusif"]
[Result "0-1"]
[WhiteElo "1199"]
[BlackElo "1398"]
[PlyCount "54"]
[EventDate "2016.08.18"]

1. d4 Nf6 2. c4 g6 3. Nf3 Bg7 4. g3 O-O 5. Bg2 d6 6. O-O Nbd7 7. Nc3 c5 8. e4
cxd4 9. Nxd4 Qb6 10. Nde2 Nc5 11. Rb1 Be6 12. b3 Bg4 13. Bb2 a5 14. h3 Be6 15.
Nd5 Bxd5 16. exd5 Qd8 17. Nd4 Rc8 18. Nb5 Qd7 19. Re1 Rcd8 20. Qf3 Na6 21. Bd4
Nc5 22. Bxc5 dxc5 23. Rbd1 b6 24. Re3 e6 25. Qe2 exd5 26. Bxd5 Qxh3 27. Bg2 Qh6
0-1

[Event "European Youth Chess Championship B8"]
[Site "Prague, Top Hotel Prague"]
[Date "2016.08.21"]
[Round "4.8"]
[White "Hartofylakas, Spyros"]
[Black "Kuhn, Clement"]
[Result "1-0"]
[WhiteElo "1254"]
[BlackElo "1393"]
[PlyCount "75"]
[EventDate "2016.08.18"]

1. e4 c5 2. Nf3 d6 3. d4 cxd4 4. Nxd4 Nf6 5. Nc3 g6 6. Be3 Bg7 7. f3 O-O 8. Qd2
Nc6 9. g4 Nxd4 10. Bxd4 Be6 11. h4 h5 12. gxh5 Nxh5 13. Bxg7 Kxg7 14. O-O-O Qa5
15. a3 Rfc8 16. Bh3 Bxh3 17. Rxh3 Rc5 18. Nd5 Qxd2+ 19. Rxd2 e6 20. Nc3 Nf4 21.
Rg3 Rac8 22. Rg4 Nh5 23. Rxd6 b5 24. Ra6 R8c7 25. Ra5 Nf6 26. Rg5 Nd7 27. Rxc5
Nxc5 28. Nxb5 Rb7 29. Nxa7 Nd7 30. Nb5 Rb6 31. Nc3 Nc5 32. Rxc5 f6 33. Rb5 Rd6
34. a4 Kh6 35. a5 Rd4 36. a6 f5 37. a7 Rd8 38. Rb8 1-0

[Event "European Youth Chess Championship B8"]
[Site "Prague, Top Hotel Prague"]
[Date "2016.08.21"]
[Round "4.9"]
[White "Vagman, Roy"]
[Black "Ivanov, Svetlen"]
[Result "0-1"]
[WhiteElo "1288"]
[BlackElo "1646"]
[PlyCount "142"]
[EventDate "2016.08.18"]

1. e4 c5 2. d4 cxd4 3. c3 Nf6 4. e5 Nd5 5. Bc4 Nb6 6. Bb3 d6 7. exd6 Qxd6 8.
cxd4 Be6 9. Bxe6 Qxe6+ 10. Qe2 Qc6 11. Nc3 Qxg2 12. Qf3 Qxf3 13. Nxf3 Nc6 14.
Nb5 O-O-O 15. Be3 a6 16. Na3 e6 17. Ng5 Bb4+ 18. Ke2 Rd7 19. Nc2 Bd6 20. Ne4
Be7 21. Rhg1 g6 22. Ng5 Bxg5 23. Bxg5 Nd5 24. Rac1 h6 25. Bd2 Kb8 26. Rg3 e5
27. dxe5 Nxe5 28. Bc3 Re8 29. Bxe5+ Rxe5+ 30. Ne3 Nf4+ 31. Kf3 g5 32. Rgg1 Re6
33. Rcd1 Red6 34. Kg3 Ne2+ 35. Kg2 Nxg1 36. Rxg1 Rc6 37. Rb1 Rd2 38. Kf1 Rf6
39. Nd1 Rc2 40. Kg2 Kc7 41. Kg3 Rfc6 42. Nc3 b5 43. Nd5+ Kd6 44. Nb4 R6c4 45.
Nxc2 Rxc2 46. Rd1+ Ke6 47. Re1+ Kf5 48. Rb1 h5 49. Rd1 h4+ 50. Kf3 g4+ 51. Ke3
Rxb2 52. Rd5+ Ke6 53. Rg5 Rxa2 54. Rxg4 Ra4 55. Rg8 Rc4 56. Ra8 Rc6 57. Kd4 Kf5
58. Kd5 Rc2 59. Rxa6 Rxf2 60. Ra7 f6 61. Rb7 Rxh2 62. Rxb5 Rd2+ 63. Kc4+ Kg4
64. Kc3 Rf2 65. Kd3 h3 66. Rb8 h2 67. Rg8+ Kf3 68. Rh8 Kg2 69. Rg8+ Kf1 70. Rh8
Kg1 71. Rg8+ Rg2 0-1

[Event "European Youth Chess Championship B8"]
[Site "Prague, Top Hotel Prague"]
[Date "2016.08.21"]
[Round "4.10"]
[White "Hladky, Tadeas"]
[Black "Costa, Leonardo"]
[Result "0-1"]
[WhiteElo "1278"]
[BlackElo "1600"]
[PlyCount "56"]
[EventDate "2016.08.18"]

1. e4 e5 2. Nf3 Nc6 3. Bc4 Bc5 4. c3 Nf6 5. d4 exd4 6. cxd4 Bb4+ 7. Bd2 O-O 8.
d5 Bxd2+ 9. Nbxd2 Ne7 10. O-O d6 11. Re1 Bg4 12. Qb3 Rb8 13. Rac1 Ng6 14. Qa4
a6 15. Bd3 Re8 16. Qc4 Re7 17. h3 Bxf3 18. Nxf3 Qe8 19. Nd2 Nd7 20. Qb3 Nc5 21.
Qc2 Nf4 22. Bf1 Nxd5 23. f3 Nb4 24. Qc4 Nc6 25. f4 Qd7 26. Be2 Qe6 27. Bf3 Qxc4
28. Nxc4 Nd3 0-1

[Event "European Youth Chess Championship B8"]
[Site "Prague, Top Hotel Prague"]
[Date "2016.08.21"]
[Round "4.11"]
[White "Todev, Simeon"]
[Black "Nguyen, Thai Dang Vi"]
[Result "1-0"]
[WhiteElo "1498"]
[BlackElo "1255"]
[PlyCount "20"]
[EventDate "2016.08.18"]

1. e4 e5 2. Nf3 Nc6 3. d4 exd4 4. Bc4 Nf6 5. O-O Nxe4 6. Re1 d5 7. Bxd5 Qxd5 8.
Nc3 Qh5 9. Nxe4 Be6 10. Bg5 Qg6 {n. r.} 1-0